[Event "WY Girls-U18"]
[Site "Porto Carras GRE"]
[Date "2010.10.21"]
[Round "2.9"]
[White "Kulon, Klaudia"]
[Black "Kaya, Emel"]
[Result "1-0"]
[WhiteTitle "WFM"]
[BlackTitle "WCM"]
[WhiteElo "2196"]
[BlackElo "2070"]
[WhiteFideId "1131044"]
[BlackFideId "6306411"]
[EventDate "2010.10.20"]

1. e4 c5 2. Nf3 g6 3. c4 Bg7 4. d4 cxd4 5. Nxd4 Nc6 6. Be3 Nf6 7. Nc3 O-O 8. Be2
b6 9. O-O Bb7 10. Ndb5 a6 11. Na3 d6 12. Qd2 Ne5 13. f3 Qc7 14. Rac1 e6 15. Rfd1
Rfd8 16. Bf1 Rab8 17. Qf2 Ba8 18. Na4 Nfd7 19. b4 Qb7 20. h3 Bf8 21. Rb1 d5 22.
cxd5 exd5 23. exd5 b5 24. Nc3 Nb6 25. Bd4 Ned7 26. Nc2 Nc4 27. Bxc4 bxc4 28. a3
Nb6 29. Ne3 Qc7 30. Ng4 Nd7 31. Ne4 Bg7 32. Bxg7 Kxg7 33. Qd4+ f6 34. Nc5 1-0

[Event "WY Girls-U18"]
[Site "Porto Carras GRE"]
[Date "2010.10.21"]
[Round "2.10"]
[White "Gorozhankina, Julia"]
[Black "Pavlidou, Ekaterini"]
[Result "1/2-1/2"]
[WhiteTitle "WFM"]
[BlackTitle "WIM"]
[WhiteElo "2069"]
[BlackElo "2191"]
[WhiteFideId "4199650"]
[BlackFideId "4213262"]
[EventDate "2010.10.20"]

1. e4 c5 2. Nf3 e6 3. d4 cxd4 4. Nxd4 Nf6 5. Nc3 Nc6 6. Ndb5 d6 7. Bf4 e5 8. Bg5
a6 9. Na3 b5 10. Nd5 Be7 11. Bxf6 Bxf6 12. c4 b4 13. Nc2 a5 14. Qf3 Be7 15. Rd1
O-O 16. g3 Be6 17. h4 Rb8 18. b3 Qd7 19. Qe3 Bd8 20. c5 Kh8 21. Bc4 f5 22. Qe2
fxe4 23. Nde3 Bxc4 24. Qxc4 Nd4 25. Nxd4 exd4 26. Rxd4 Bf6 27. Rxd6 Bc3+ 28. Ke2
Qe8 29. h5 Rc8 30. Rh4 Be5 31. Rd1 Qe7 32. Qxe4 Rxc5 33. Rd5 Rxd5 34. Qxd5 Rd8
35. Qc4 Qf6 36. Ng4 Qd6 37. Nxe5 Qxe5+ 38. Kf3 h6 39. Kg2 Rd2 40. Rf4 Qd5+ 41.
Qxd5 Rxd5 42. Rf8+ Kh7 43. Ra8 1/2-1/2

[Event "WY Girls-U18"]
[Site "Porto Carras GRE"]
[Date "2010.10.21"]
[Round "2.11"]
[White "Travkina, Anastasia"]
[Black "Miladinovic, Lena"]
[Result "0-1"]
[WhiteTitle "WFM"]
[WhiteElo "2189"]
[BlackElo "2064"]
[WhiteFideId "24129151"]
[BlackFideId "942553"]
[EventDate "2010.10.20"]

1. e4 c5 2. c3 e6 3. d4 d5 4. exd5 exd5 5. g3 Nc6 6. Bg2 Nf6 7. Ne2 Be7 8. dxc5
Bxc5 9. O-O O-O 10. Bg5 Bg4 11. h3 Be6 12. Nf4 Re8 13. Nd2 h6 14. Bxf6 Qxf6 15.
Nxd5 Bxd5 16. Bxd5 Rad8 17. Nb3 Qg5 18. Bxf7+ Kxf7 19. Qf3+ Kg8 20. Nxc5 Qxc5
21. Rad1 Rxd1 22. Rxd1 Rf8 23. Qg2 Kh8 24. Rd7 Ne5 25. Rd5 Qe7 26. f4 Nc6 27.
Kh2 Re8 28. Rd2 Qe6 29. b4 Qc4 30. Qf3 Qe4 31. Qf2 Qe3 32. Qg2 Qxc3 33. Re2 Rxe2
34. Qxe2 Qxb4 35. f5 Qe7 36. Qd2 a5 37. h4 a4 38. a3 b5 39. Qd5 Na7 40. Kh3 Kh7
41. Qd3 Kh8 42. Qd5 Qe8 43. f6 gxf6 44. Qc5 Qd7+ 45. Kh2 Kg7 46. g4 Nc8 47. Qg1
Qd6+ 48. Kh1 Qd5+ 49. Kh2 Qd6+ 50. Kh1 Qxa3 51. Qg2 Qc1+ 52. Kh2 Qc7+ 53. Kh1
Ne7 54. Qb2 Qc6+ 55. Kh2 Qd6+ 56. Kh3 Qd3+ 57. Kh2 a3 58. Qa2 Qd6+ 59. Kh3 b4
60. g5 hxg5 61. hxg5 Qd3+ 62. Kg4 Qe4+ 63. Kh3 Qf5+ 64. Kh2 Qxg5 65. Qc4 Qe5+
66. Kg1 Nd5 67. Kh1 Qh5+ 68. Kg1 Qd1+ 69. Kh2 Qd2+ 70. Kh1 Nf4 71. Qf1 Qg2+ 0-1

[Event "WY Girls-U18"]
[Site "Porto Carras GRE"]
[Date "2010.10.21"]
[Round "2.12"]
[White "Petrova, Irina"]
[Black "Warakomska, Anna"]
[Result "1/2-1/2"]
[WhiteTitle "WFM"]
[BlackTitle "WFM"]
[WhiteElo "2041"]
[BlackElo "2188"]
[WhiteFideId "14124122"]
[BlackFideId "1130790"]
[EventDate "2010.10.20"]

1. d4 d5 2. Nf3 c6 3. Bf4 Nf6 4. c3 Bf5 5. e3 Nbd7 6. Nbd2 h6 7. Be2 e6 8. h3
Be7 9. Ne5 Nxe5 10. Bxe5 O-O 11. Qb3 Qd7 12. O-O Ne4 13. Nxe4 Bxe4 14. c4 dxc4
15. Bxc4 Bd5 16. Rac1 Rac8 17. Rc2 b5 18. Bxd5 cxd5 19. Rfc1 Rc4 20. Qd3 Rfc8
21. b3 Rxc2 22. Rxc2 a6 23. Qd2 Ba3 24. Rxc8+ Qxc8 25. Qa5 Be7 26. Qb6 Qc1+ 27.
Kh2 Qa3 28. Qc7 Bf8 29. Qc2 a5 30. Bf4 a4 31. Be5 Qb4 32. bxa4 bxa4 33. Qc6 a3
34. Qe8 Qb6 35. Qb8 Qc6 36. Qc7 Qb5 37. Qc8 Qb4 38. Qb8 Qe7 1/2-1/2

[Event "WY Girls-U18"]
[Site "Porto Carras GRE"]
[Date "2010.10.21"]
[Round "2.13"]
[White "Mamatkulova, Maftuna"]
[Black "Bezgodova, Maria"]
[Result "1/2-1/2"]
[BlackTitle "WFM"]
[WhiteElo "2007"]
[BlackElo "2170"]
[WhiteFideId "14202816"]
[BlackFideId "24111260"]
[EventDate "2010.10.20"]

1. d4 d5 2. Nf3 c5 3. e3 e6 4. c4 Nf6 5. Nc3 Be7 6. cxd5 exd5 7. Be2 O-O 8. O-O
Nc6 9. dxc5 Bxc5 10. b3 Bf5 11. Bb2 a6 12. Na4 Be7 13. Nd4 Nxd4 14. Bxd4 Rc8 15.
Bd3 Bxd3 16. Qxd3 Qd6 17. h3 Ne4 18. Nc3 Qe6 19. Ne2 Bd6 20. Bb2 Rfd8 21. Rad1
Be5 22. Bxe5 Qxe5 23. Rc1 h6 24. Nd4 Qf6 25. Nf3 Nc5 26. Qe2 Ne6 27. Rc2 Rxc2
28. Qxc2 d4 29. exd4 Nxd4 30. Nxd4 Qxd4 31. Re1 1/2-1/2

[Event "WY Girls-U18"]
[Site "Porto Carras GRE"]
[Date "2010.10.22"]
[Round "3.1"]
[White "Bulmaga, Irina"]
[Black "Iordanidou, Zoi"]
[Result "1-0"]
[WhiteTitle "WIM"]
[WhiteElo "2267"]
[BlackElo "2152"]
[WhiteFideId "13903063"]
[BlackFideId "4209192"]
[EventDate "2010.10.20"]

1. e4 d5 2. exd5 Qxd5 3. Nc3 Qa5 4. d4 c6 5. Bc4 Bf5 6. Bd2 e6 7. d5 cxd5 8.
Nxd5 Qd8 9. Qe2 Ne7 10. Ne3 Nbc6 11. Bc3 Bg6 12. Rd1 Qc7 13. Nf3 Rd8 14. O-O
Rxd1 15. Rxd1 Bh5 16. g4 Bg6 17. Bb5 h5 18. Be5 Qc8 19. Nc4 Ng8 20. g5 f6 21.
Nh4 Kf7 22. Nxg6 Kxg6 23. Qd3+ f5 24. Bxc6 bxc6 25. Bf4 Ne7 26. Qd7 Kh7 27. Qxc8
Nxc8 28. Rd8 Ne7 29. Rd7 Ng6 30. Be5 Be7 31. Bf6 gxf6 32. gxf6 Kh6 33. fxe7 Re8
34. Rxa7 Rxe7 35. Rxe7 Nxe7 36. a4 Nc8 37. f4 Kg7 38. b4 Na7 39. Kf2 Kf6 40. Ke3 1-0

[Event "WY Girls-U18"]
[Site "Porto Carras GRE"]
[Date "2010.10.22"]
[Round "3.2"]
[White "Kazimova, Narmin Nizami qizi"]
[Black "Purgar, Ivona"]
[Result "1-0"]
[WhiteTitle "WIM"]
[BlackTitle "WFM"]
[WhiteElo "2260"]
[BlackElo "2091"]
[WhiteFideId "13402951"]
[BlackFideId "14514451"]
[EventDate "2010.10.20"]

1. Nf3 Nf6 2. c4 e6 3. Nc3 Bb4 4. Qc2 O-O 5. a3 Bxc3 6. Qxc3 b6 7. b4 Bb7 8. Bb2
d6 9. g3 Nbd7 10. Bg2 c5 11. O-O Rc8 12. d3 d5 13. Qb3 Qc7 14. b5 d4 15. e4 a6
16. bxa6 Bxa6 17. Bc1 Rb8 18. a4 Bb7 19. Bf4 e5 20. Bd2 Bc6 21. Nh4 Ra8 22. Nf5
Rfe8 23. f4 Ra6 24. Ra2 Kf8 25. fxe5 Nxe5 26. Bg5 Nfd7 27. Qd1 f6 28. Qh5 fxg5
29. Qxh7 Nf6 30. Qh8+ Ng8 31. Nd6+ Ke7 32. Nxe8 Bxe8 33. Qxg8 Kd8 34. Qd5+ Kc8
35. Rf8 Qe7 36. Qg8 Kd8 37. Raf2 Kd7 38. Bh3+ g4 39. Bxg4+ 1-0

[Event "WY Girls-U18"]
[Site "Porto Carras GRE"]
[Date "2010.10.22"]
[Round "3.3"]
[White "Rakhmangulova, Anastasiya"]
[Black "Hoang, Thi Nhu Y"]
[Result "1/2-1/2"]
[BlackTitle "WIM"]
[WhiteElo "2153"]
[BlackElo "2214"]
[WhiteFideId "14117479"]
[BlackFideId "12401455"]
[EventDate "2010.10.20"]

1. e4 c6 2. Nf3 d5 3. Nc3 dxe4 4. Nxe4 Nf6 5. Ng3 h5 6. h4 Bg4 7. Be2 Nbd7 8. d4
Qc7 9. Ng5 e6 10. Bxg4 hxg4 11. N3e4 Nxe4 12. Nxe4 O-O-O 13. Bg5 f6 14. Be3 g5
15. h5 Be7 16. Qd2 Rh6 17. O-O-O Rdh8 18. f4 Rxh5 19. Rxh5 Rxh5 20. fxg5 f5 21.
Bf4 Qd8 22. Ng3 Rxg5 23. Qe3 Rg6 24. d5 Bc5 25. Qxe6 Rxe6 26. dxe6 Nf8 27. Rxd8+
Kxd8 28. Bg5+ Ke8 29. Nxf5 Nxe6 30. Be3 Bxe3+ 31. Nxe3 Nf4 32. Kd2 Ke7 33. Kc3
c5 34. Kc4 Kd6 35. a4 Kc6 36. g3 Nh5 37. Nf5 b6 38. Kd3 Kd5 39. Ne3+ Kc6 40. Nf5
Kd5 41. Ne3+ 1/2-1/2

[Event "WY Girls-U18"]
[Site "Porto Carras GRE"]
[Date "2010.10.22"]
[Round "3.4"]
[White "Adamowicz, Katarzyna"]
[Black "Kulon, Klaudia"]
[Result "0-1"]
[WhiteTitle "WFM"]
[BlackTitle "WFM"]
[WhiteElo "2147"]
[BlackElo "2196"]
[WhiteFideId "1134043"]
[BlackFideId "1131044"]
[EventDate "2010.10.20"]

1. e4 c5 2. Nf3 d6 3. d4 cxd4 4. Nxd4 Nf6 5. Nc3 a6 6. Be2 e5 7. Nb3 Be7 8. O-O
O-O 9. Kh1 b6 10. f4 Nbd7 11. Bf3 Bb7 12. f5 b5 13. a3 Rc8 14. Be3 Nb6 15. Nd2
Rxc3 16. bxc3 Na4 17. c4 Nc3 18. Qe1 bxc4 19. Nxc4 Ncxe4 20. Rb1 Bc6 21. Na5 Ba8
22. c4 Qd7 23. Rb6 Qc8 24. Qb1 Nc3 25. Qc2 e4 26. Bh5 Ncd5 27. Nc6 Bxc6 28. cxd5
Bb5 29. Rc1 Qxf5 30. Be2 Nxd5 31. Bxb5 Nxe3 32. Bd7 Qxd7 33. Qxe4 Bg5 34. Rcb1
d5 35. Qf3 d4 36. Rb8 g6 37. Qa8 Bh6 38. Rxf8+ Bxf8 39. Rb8 Qd6 40. a4 Kg7 41.
Rd8 Qb4 42. h3 Bd6 43. Rg8+ Kh6 0-1

[Event "WY Girls-U18"]
[Site "Porto Carras GRE"]
[Date "2010.10.22"]
[Round "3.5"]
[White "Miladinovic, Lena"]
[Black "Cori T., Deysi"]
[Result "0-1"]
[BlackTitle "WGM"]
[WhiteElo "2064"]
[BlackElo "2368"]
[WhiteFideId "942553"]
[BlackFideId "3801934"]
[EventDate "2010.10.20"]

1. d4 Nf6 2. Nf3 e6 3. e3 c5 4. Bd3 b6 5. O-O Bb7 6. c4 Be7 7. Nc3 cxd4 8. exd4
O-O 9. d5 h6 10. Bc2 Bb4 11. Ne4 exd5 12. Nxf6+ Qxf6 13. cxd5 Rc8 14. a3 Bf8 15.
Be3 Qxb2 16. Be4 Na6 17. Bd4 Qb5 18. a4 Qa5 19. Be3 Re8 20. Bb1 Qxd5 21. Qc2 Qe4
22. Qb2 Qb4 23. Qc2 Be4 24. Qe2 Nc5 25. Bxe4 Qxe4 26. a5 Nb3 27. Nd2 Qc2 28.
Rab1 Nxa5 29. Rfc1 Qg6 30. Rc7 d5 31. Qf3 d4 0-1

[Event "WY Girls-U18"]
[Site "Porto Carras GRE"]
[Date "2010.10.22"]
[Round "3.6"]
[White "Havlikova, Kristyna"]
[Black "Vo, Thi Kim Phung"]
[Result "0-1"]
[WhiteTitle "WIM"]
[BlackTitle "WIM"]
[WhiteElo "2318"]
[BlackElo "2147"]
[WhiteFideId "309672"]
[BlackFideId "12401838"]
[EventDate "2010.10.20"]

1. e4 c5 2. Nf3 Nc6 3. d4 cxd4 4. Nxd4 Nf6 5. Nc3 d6 6. Bg5 e6 7. Qd2 a6 8.
O-O-O h6 9. Bf4 Bd7 10. Nb3 e5 11. Be3 Ng4 12. Nd5 Nxe3 13. Qxe3 Be6 14. g3 Be7
15. f4 Bxd5 16. exd5 Nb8 17. h4 Bf6 18. Nd2 O-O 19. f5 Nd7 20. Ne4 Be7 21. Kb1
Nf6 22. Nf2 Rc8 23. g4 Nh7 24. Qh3 f6 25. Ne4 Qc7 26. c4 b6 27. Qa3 Ra8 28. Rh2
Qd7 29. Qh3 Rfb8 30. Rc2 Kh8 31. Qe3 Rb7 32. Bh3 Qa4 33. Bg2 Rab8 34. b3 Qa3 35.
Rh1 Kg8 36. Rh3 a5 37. Qd2 Rc7 38. Rhc3 a4 39. Qc1 Qxc1+ 40. Kxc1 axb3 41. Rxb3
Rbb7 42. a4 Nf8 43. a5 Nd7 44. c5 bxc5 45. Rxb7 Rxb7 46. a6 Ra7 47. Bf1 Kf8 48.
Nc3 Bd8 49. Ra2 Ke7 50. Nb5 Ra8 51. a7 Nb6 52. Ra6 Kd7 53. Kd2 Bc7 54. Be2 e4
55. Nc3 Kc8 56. Bb5 Kb7 57. Ra1 Rxa7 58. Bc6+ Kb8 59. Rxa7 Kxa7 60. Nb5+ Kb8 61.
Ke3 Nc4+ 62. Kxe4 Ne5 63. Kf4 c4 64. Be8 Kb7 65. g5 hxg5+ 66. hxg5 fxg5+ 67.
Kxg5 Bd8+ 68. Kf4 Be7 69. Ke4 Kb6 70. Nc3 Kc5 71. Bh5 Nd7 72. Bf3 Bf6 73. Ne2
Kb4 74. Ke3 Ne5 75. Be4 Nd7 76. Bc2 Nb6 77. Ke4 Be5 78. Bd1 Kc5 0-1

[Event "WY Girls-U18"]
[Site "Porto Carras GRE"]
[Date "2010.10.22"]
[Round "3.7"]
[White "Bezgodova, Maria"]
[Black "Haast, Anne"]
[Result "1/2-1/2"]
[WhiteTitle "WFM"]
[BlackTitle "WIM"]
[WhiteElo "2170"]
[BlackElo "2256"]
[WhiteFideId "24111260"]
[BlackFideId "1017292"]
[EventDate "2010.10.20"]

1. e4 e5 2. Nf3 Nc6 3. d4 exd4 4. Nxd4 Nf6 5. Nxc6 bxc6 6. Nd2 Bc5 7. e5 Qe7 8.
Qe2 Nd5 9. Ne4 Bb6 10. c4 Ba6 11. f4 Ba5+ 12. Kf2 Bb6+ 13. Kg3 O-O 14. Qh5 Nf6
15. Nxf6+ gxf6 16. Bd3 f5 17. Bd2 Bd4 18. Rae1 f6 19. exf6 Qxf6 20. Qg5+ Qxg5+
21. fxg5 Rae8 22. b3 c5 23. Rxe8 Rxe8 24. Re1 Rxe1 25. Bxe1 Be5+ 26. Kh3 f4 27.
Bf5 Bb7 28. Bxd7 Be4 29. Bd2 Kg7 30. Kg4 Bxg2 31. Bxf4 Bh3+ 32. Kxh3 Bxf4 33.
Kg4 Bxh2 34. Kf5 Bg3 35. a3 Be1 36. Bc6 Bc3 37. Bd5 Bb2 38. a4 a5 39. Ke6 Bc3 1/2-1/2

[Event "WY Girls-U18"]
[Site "Porto Carras GRE"]
[Date "2010.10.22"]
[Round "3.8"]
[White "Hejazipour, Mitra"]
[Black "Stetsko, Lanita"]
[Result "1/2-1/2"]
[WhiteTitle "WFM"]
[BlackTitle "FM"]
[WhiteElo "2239"]
[BlackElo "2148"]
[WhiteFideId "12505951"]
[BlackFideId "13505300"]
[EventDate "2010.10.20"]

1. d4 d5 2. c4 c6 3. Nf3 Nf6 4. e3 g6 5. Nc3 Bg7 6. Bd3 O-O 7. O-O Bg4 8. h3
Bxf3 9. Qxf3 e6 10. Rd1 Nbd7 11. b3 Qe7 12. Bb2 Rfe8 13. Qe2 Rad8 14. f4 Nb6 15.
a4 Nc8 16. a5 Nd7 17. Ba3 Qh4 18. Kh2 Qf6 19. Rac1 a6 20. Nb1 Bf8 21. Bxf8 Kxf8
22. Nd2 Qg7 23. Nf3 f6 24. Qe1 Kg8 25. Qb4 Nf8 26. Rc2 Nd6 27. Re2 Qe7 28. c5
Nf7 29. e4 dxe4 30. Rxe4 Qc7 31. g3 Nh6 32. Rde1 Nf5 33. Bc4 Ng7 34. Kg2 Kh8 35.
Qc3 Rd7 36. g4 f5 37. Re5 Rde7 38. Ng5 h6 39. Nf3 Kh7 40. Qd2 Nd7 41. R5e2 Nf6
42. Ne5 Rd8 43. b4 Nd5 44. Bxd5 Rxd5 45. Qe3 Qd8 46. Rd1 Ne8 47. Qg3 Rg7 48. Nf3
Nc7 49. Kh2 Rdd7 50. Rde1 Rde7 51. Qh4 Qd5 52. Kg3 Qb3 53. Kf2 Qxb4 54. Rg1 Nd5
55. gxf5 exf5 56. Rge1 Rxe2+ 57. Rxe2 Nc7 58. Qd8 Qb3 59. Re7 Ne6 60. Rxg7+ Nxg7
61. Qc7 Qb2+ 62. Kg3 Qb3 63. Qe7 1/2-1/2

[Event "WY Girls-U18"]
[Site "Porto Carras GRE"]
[Date "2010.10.22"]
[Round "3.9"]
[White "Eric, Jovana"]
[Black "Tanacs, Anna"]
[Result "1-0"]
[WhiteTitle "WIM"]
[BlackTitle "WFM"]
[WhiteElo "2218"]
[BlackElo "2070"]
[WhiteFideId "938238"]
[BlackFideId "729159"]
[EventDate "2010.10.20"]

1. e4 c6 2. d4 d5 3. Nd2 dxe4 4. Nxe4 Nd7 5. Bc4 Ngf6 6. Nxf6+ Nxf6 7. Nf3 e6 8.
O-O Be7 9. c3 O-O 10. Ne5 c5 11. Be3 Qc7 12. Qe2 Bd7 13. Rad1 Bc6 14. Bf4 Qb6
15. dxc5 Bxc5 16. b4 Be7 17. Bg5 Qc7 18. Bf4 Qc8 19. Rfe1 Bd5 20. Rd4 b5 21.
Bxb5 Qxc3 22. Red1 Bxb4 23. Bg5 Bc5 24. R4d3 Bxf2+ 25. Kh1 Qc5 26. Bxf6 Qxb5 27.
Qxf2 1-0

[Event "WY Girls-U18"]
[Site "Porto Carras GRE"]
[Date "2010.10.22"]
[Round "3.10"]
[White "Suslova, Alena"]
[Black "Le, Hoang Tran Chau"]
[Result "1-0"]
[WhiteTitle "WFM"]
[BlackTitle "WFM"]
[WhiteElo "2207"]
[BlackElo "2082"]
[WhiteFideId "24111643"]
[BlackFideId "12401854"]
[EventDate "2010.10.20"]

1. d4 e6 2. g3 Nf6 3. c4 Be7 4. Bg2 O-O 5. Nf3 d5 6. O-O Nbd7 7. Qc2 c6 8. Nbd2
b6 9. e4 dxe4 10. Nxe4 Nxe4 11. Qxe4 Bb7 12. Rd1 Nf6 13. Qe2 Qc8 14. b3 Re8 15.
Bb2 c5 16. h4 cxd4 17. Nxd4 Bxg2 18. Kxg2 Qb7+ 19. Qf3 Qxf3+ 20. Kxf3 Bc5 21.
Nb5 Red8 22. Be5 Ne8 23. Ke2 f6 24. Bf4 e5 25. Be3 Bxe3 26. Kxe3 a6 27. Nc3 Nc7
28. Na4 b5 29. Nb6 Rab8 30. Rxd8+ Rxd8 31. Rc1 Kf7 32. cxb5 Nxb5 33. h5 Ke6 34.
Na4 Rd6 35. Nc5+ Ke7 36. Ne4 Rb6 37. g4 Kd7 38. f4 exf4+ 39. Kxf4 Ke6 40. Rc8
Nd6 41. Nxd6 Rxd6 42. Ke4 Kf7 43. Rc7+ Kf8 44. Ra7 Kg8 45. b4 Kf8 46. a3 Kg8 47.
Rb7 Kf8 48. a4 Rd1 49. h6 gxh6 50. Rb6 Rb1 51. Rxf6+ Kg7 52. Rb6 Rg1 53. Kf5
Rf1+ 54. Ke5 Re1+ 55. Kd5 Rd1+ 56. Kc6 Rd4 57. Kc5 Rxg4 58. Rxa6 Rg5+ 59. Kd4 h5
60. Re6 Rg1 61. a5 h4 62. Re4 h3 63. Rh4 Rg3 64. Kc5 Kg6 65. a6 h5 66. a7 Ra3
67. Kb6 Kg5 68. Rxh3 Rxh3 69. a8=Q h4 70. Kc5 Rg3 71. b5 Rc3+ 72. Kd4 1-0

[Event "WY Girls-U18"]
[Site "Porto Carras GRE"]
[Date "2010.10.22"]
[Round "3.11"]
[White "Pavlidou, Ekaterini"]
[Black "Petrova, Irina"]
[Result "1-0"]
[WhiteTitle "WIM"]
[BlackTitle "WFM"]
[WhiteElo "2191"]
[BlackElo "2041"]
[WhiteFideId "4213262"]
[BlackFideId "14124122"]
[EventDate "2010.10.20"]

1. d4 Nf6 2. c4 g6 3. Nc3 Bg7 4. e4 d6 5. Nf3 O-O 6. h3 e5 7. dxe5 dxe5 8. Qxd8
Rxd8 9. Bg5 Re8 10. O-O-O Na6 11. Be3 c6 12. c5 Nc7 13. b4 Be6 14. Kb1 Rad8 15.
Be2 Nh5 16. g3 Rxd1+ 17. Bxd1 f5 18. exf5 Bxf5+ 19. Kb2 Nf6 20. Bb3+ Kf8 21. g4
Bd3 22. Ne1 e4 23. Nxd3 exd3 24. Kc1 Nfd5 25. Nxd5 Nxd5 26. Bxd5 cxd5 27. Kd2 d4
28. Bf4 Re2+ 29. Kxd3 Rxf2 30. Bd6+ Kf7 31. Re1 Bf6 32. Be5 Rxa2 33. Rf1 1-0

[Event "WY Girls-U18"]
[Site "Porto Carras GRE"]
[Date "2010.10.22"]
[Round "3.12"]
[White "Warakomska, Anna"]
[Black "Gorozhankina, Julia"]
[Result "1-0"]
[WhiteTitle "WFM"]
[BlackTitle "WFM"]
[WhiteElo "2188"]
[BlackElo "2069"]
[WhiteFideId "1130790"]
[BlackFideId "4199650"]
[EventDate "2010.10.20"]

1. e4 e6 2. d4 d5 3. Nc3 Nf6 4. e5 Nfd7 5. f4 c5 6. Nf3 Nc6 7. Be3 cxd4 8. Nxd4
Bc5 9. Qd2 O-O 10. O-O-O a6 11. Qf2 Nxd4 12. Bxd4 b6 13. Bd3 f6 14. Qh4 g6 15.
Ne2 Qc7 16. exf6 Bxd4 17. Nxd4 Nxf6 18. Rhe1 Nh5 19. g3 Ng7 20. Re5 Qd6 21. Rde1
Ra7 22. Qh6 Nf5 23. Bxf5 exf5 24. Qh3 Qc5 25. c3 Qc4 26. Kb1 b5 27. Qg2 Rd7 28.
Qd2 Bb7 29. Qe3 b4 30. Re8 Rf7 31. Rxf8+ Rxf8 32. cxb4 Bc8 33. a3 Qc7 34. Rc1
Qd7 35. Nf3 Bb7 36. Ne5 Qe6 37. Rc7 d4 38. Qxd4 Bd5 39. Kc1 Rc8 40. Rxc8+ Qxc8+
41. Qc5 Qa8 42. Qc7 Bb3 43. Nc6 Qe8 44. Qb8 Qxb8 45. Nxb8 Bc4 46. Nd7 Bb5 47.
Nc5 Kf7 48. a4 Bf1 49. Kd2 Ke7 50. Ke1 Bc4 51. b3 Bd5 52. Kd2 Kd6 53. Nxa6 Bxb3
54. Nc5 Bd5 55. Kc3 Kc6 56. Kd4 Kd6 57. b5 h6 58. a5 1-0

[Event "WY Girls-U18"]
[Site "Porto Carras GRE"]
[Date "2010.10.23"]
[Round "4.1"]
[White "Kulon, Klaudia"]
[Black "Bulmaga, Irina"]
[Result "1/2-1/2"]
[WhiteTitle "WFM"]
[BlackTitle "WIM"]
[WhiteElo "2196"]
[BlackElo "2267"]
[WhiteFideId "1131044"]
[BlackFideId "13903063"]
[EventDate "2010.10.20"]

1. e4 c6 2. d4 d5 3. Nc3 dxe4 4. Nxe4 Bf5 5. Ng3 Bg6 6. h4 h6 7. Nf3 Nd7 8. h5
Bh7 9. Bd3 Bxd3 10. Qxd3 e6 11. Bd2 Qc7 12. O-O-O Ngf6 13. Ne4 O-O-O 14. g3 Be7
15. Bf4 Qa5 16. Kb1 Nxe4 17. Qxe4 Nf6 18. Qe2 Qb5 19. Qxb5 cxb5 20. Ne5 Rhf8 21.
g4 Nd5 22. Bd2 Bg5 23. Bxg5 hxg5 24. Nf3 f6 25. h6 gxh6 26. Rxh6 Rd7 27. c3 a5
28. Re1 Re7 29. Nd2 Kc7 30. f3 b6 31. Kc2 a4 32. a3 Kd7 33. Ne4 Ref7 34. Kd3
Nf4+ 35. Kd2 Kc6 36. Reh1 Nd5 37. Rc1 Rd7 38. Kd3 Nf4+ 39. Ke3 Nd5+ 40. Kf2 Nf4
41. Rc2 Nd5 42. Kg3 Ne3 43. Re2 Nd5 44. Reh2 Rdf7 45. Kf2 Nf4 46. Ke3 Nd5+ 47.
Kd3 Nf4+ 48. Kd2 Nd5 49. Rh1 Kd7 50. Re1 Kc6 51. Ng3 Kd7 52. Nh5 Rg8 53. Kd3 Rc8
54. Rf1 Rg8 55. Re1 1/2-1/2

[Event "WY Girls-U18"]
[Site "Porto Carras GRE"]
[Date "2010.10.23"]
[Round "4.2"]
[White "Eric, Jovana"]
[Black "Kazimova, Narmin Nizami qizi"]
[Result "0-1"]
[WhiteTitle "WIM"]
[BlackTitle "WIM"]
[WhiteElo "2218"]
[BlackElo "2260"]
[WhiteFideId "938238"]
[BlackFideId "13402951"]
[EventDate "2010.10.20"]

1. e4 c5 2. Nf3 d6 3. d4 cxd4 4. Nxd4 Nf6 5. Nc3 e6 6. Be2 Be7 7. Be3 Nc6 8. Qd2
a6 9. f4 Bd7 10. O-O-O b5 11. Bf3 b4 12. Nce2 Qc7 13. g4 Na5 14. g5 Nc4 15. Qd3
Ng8 16. b3 Nxe3 17. Qxe3 Rc8 18. Rd2 Bd8 19. Kb1 Ne7 20. e5 dxe5 21. fxe5 Ng6
22. h4 Nxe5 23. Be4 Be7 24. Rf1 a5 25. Nf3 Bc5 26. Qf4 Nxf3 27. Qxf3 Bb5 28. h5
O-O 29. h6 f5 30. gxf6 Rxf6 31. Bxh7+ Kxh7 32. Qe4+ Rf5 33. Rxf5 exf5 34. Qxf5+
g6 35. Qg4 Be3 0-1

[Event "WY Girls-U18"]
[Site "Porto Carras GRE"]
[Date "2010.10.23"]
[Round "4.3"]
[White "Cori T., Deysi"]
[Black "Rakhmangulova, Anastasiya"]
[Result "1-0"]
[WhiteTitle "WGM"]
[WhiteElo "2368"]
[BlackElo "2153"]
[WhiteFideId "3801934"]
[BlackFideId "14117479"]
[EventDate "2010.10.20"]

1. d4 Nf6 2. Nf3 c5 3. d5 d6 4. Nc3 g6 5. e4 Bg7 6. Be2 O-O 7. O-O Na6 8. h3 Nc7
9. a4 b6 10. Re1 a6 11. Bc4 e5 12. dxe6 Bxe6 13. Bxe6 fxe6 14. e5 dxe5 15. Qe2
Nfd5 16. Nxe5 Nxc3 17. bxc3 Rf5 18. Ng4 Qh4 19. Rb1 Raf8 20. Rf1 b5 21. axb5
axb5 22. Ra1 h6 23. Ra7 R8f7 24. Ne3 Re5 25. c4 bxc4 26. Qxc4 Re4 27. Qd3 c4 28.
Qd6 Be5 29. Qc6 h5 30. f3 Ref4 31. c3 Qg3 32. Rf2 Qh4 33. Bd2 R4f6 34. Qxc4 Bf4
35. Qe4 Bh2+ 36. Kxh2 Qxe4 37. fxe4 Rxf2 38. Nc4 Re2 39. Be3 Nb5 40. Ra6 Re7 41.
Rb6 Nc7 42. Bc5 Re8 43. Rb7 Na6 44. Bd4 Rd8 45. Bf6 Rb8 46. Rg7+ Kf8 47. Ne5
Rbb2 48. Nxg6+ Ke8 49. Nf4 Rxe4 50. Re7+ Kd8 51. Rxe6+ 1-0

[Event "WY Girls-U18"]
[Site "Porto Carras GRE"]
[Date "2010.10.23"]
[Round "4.4"]
[White "Hoang, Thi Nhu Y"]
[Black "Warakomska, Anna"]
[Result "1-0"]
[WhiteTitle "WIM"]
[BlackTitle "WFM"]
[WhiteElo "2214"]
[BlackElo "2188"]
[WhiteFideId "12401455"]
[BlackFideId "1130790"]
[EventDate "2010.10.20"]

1. d4 d5 2. Nf3 Nf6 3. e3 e6 4. Bd3 Nbd7 5. c4 dxc4 6. Bxc4 a6 7. O-O Bd6 8. Qe2
b5 9. Bd3 c5 10. e4 e5 11. d5 c4 12. Bc2 Nc5 13. Bg5 h6 14. Bd2 O-O 15. Bc3 Qe7
16. Nbd2 a5 17. a3 Bc7 18. Rfd1 Ba6 19. Nf1 Nd3 20. Bxd3 cxd3 21. Qe1 b4 22.
axb4 axb4 23. Bxb4 Bd6 24. Bc3 Nd7 25. Ne3 g6 26. Ra2 Bb5 27. Rda1 Rxa2 28. Rxa2
Nc5 29. Ng4 Bc4 30. Ra1 Nb3 31. Rd1 f6 32. Nxh6+ Kg7 33. Ng4 Ra8 34. Nd2 Nxd2
35. Qxd2 Rh8 36. h3 Qa7 37. Kh2 Qa4 38. f4 Qd7 39. Nxf6 1-0